000 00482pab a2200181 454500
008 180718b2018 xxu||||| |||| 00| 0 eng d
100 _aMushtaq, Samreen
245 _aCritique of statist narrative of women empowerment in Kashmir
260 _c2018
300 _ap.82-87.
362 _a13 Jan
650 _aWomen empowerment
650 _aWomen - Kashmir
650 _aWomen
700 _aBukhari, Syed Rabia
773 _aEconomic and Political Weekly
909 _a116754
999 _c116748
_d116748